000 00447nam a2200169Ia 4500
999 _c54439
_d54439
003 0100
005 20170404105358.0
008 130303s9999 xx 000 0 und d
040 _cARRUPELIB
050 _aBT653.S51953
100 _aSandhurst, B.G
_929622
245 _aWe Saw Her
260 _aLondon
260 _bLongmans, Green Company ltd
300 _a228p
600 _aBernadette Soubirous, St.
_929610
700 _aTranslated and Arranged by B.G. Sandhurst, with an Introduction by C.C. Martinda
_929623
942 _2lcc
_cMONOGRAPH